| 000 | 00485nam a22001697a 4500 | ||
|---|---|---|---|
| 999 |
_c112669 _d112669 |
||
| 005 | 20190527105730.0 | ||
| 008 | 190527b ||||| |||| 00| 0 eng d | ||
| 020 | _a9788123911779 | ||
| 040 | _cPK-LaUMT | ||
| 082 |
_a604.2 _bPAL-F |
||
| 100 | _aPal, Subrata | ||
| 245 |
_aFundamentals of engineering drawing / _cby Subrata Pal and Madhusudan Bhjattacharyya |
||
| 250 | _a4th ed. | ||
| 260 |
_aNew Delhi : _bCBS Publishers, _c1986 _creprinted 2015 |
||
| 300 | _a144 p. | ||
| 942 | _cBK | ||